Statistics for Mystery Country #5

Click here to take the quiz!

General Stats

  • This quiz has been taken 239 times
    (237 since last reset)
  • The average score is 14 of 17

Answer Stats

QuestionClues% Correct
2. What is the biggest island in the Caribbean?
100%
1. Only country to start with 'O'The Mystery Country is not in North America
99%
3. On what sea is the Russian city of Sochi located?
95%
The Mystery Country is not in Oceania
93%
4. What is the name of the Dutch-speaking region of Belgium?
91%
The Mystery Country is not landlocked
87%
5. What Italian region has its capital in Florence?
86%
6.What well-known dance form originated in Argentina and Uruguay?
83%
7.What city was once known as Tenochtitlan?
79%
In the Mystery Country you should drive on the right side of the road.
77%
The Mystery Country has nearly 2 million inhabitants
77%
8. In what language are Kardashian and Sarkisian common surnames?
75%
The Mystery Country borders Russia
74%
The Mystery Country has a 4-letter capital
72%
Latvia
63%
The Mystery Country is:
63%
The Mystery Country is connected to the Baltic Sea
63%

Score Distribution

Percentile by Number Answered

Percent of People with Each Score

Your Score History

You have not taken this quiz since the last reset